La investigación acción: una vieja dicotomía
Saved in:
| Format: | Bog |
|---|---|
| Sprog: | spansk |
| Udgivet: |
Buenos Aires
Humanitas
1983
|
| Fag: | |
| Tags: |
Tilføj Tag
Ingen Tags, Vær først til at tagge denne postø!
|
MARC
| LEADER | 00000nam a2200000 a 4500 | ||
|---|---|---|---|
| 001 | UCX0235 | ||
| 003 | CL-VaPUC | ||
| 008 | 890830e19830000AG |||||||||||||||||spa|d | ||
| 082 | 0 | 4 | |a 001.422 |b INV |2 21 |
| 245 | 1 | 3 | |a La investigación acción: una vieja dicotomía |
| 300 | |a 376 p | ||
| 942 | |c BK | ||
| 945 | |d 19890830 00:00:00 | ||
| 260 | |a Buenos Aires |b Humanitas |c 1983 | ||
| 650 | 0 | |a Ciencias sociales |9 256351 | |
| 650 | 0 | |a Ciencias sociales |v Investigación |9 307767 | |
| 583 | |a last modification |c 20180327 05:24:04 |k Rodrigo Vera | ||
| 999 | |c 221900 |d 221898 | ||
| 952 | |0 0 |1 0 |4 0 |6 001_422000000000000_INV_1983 |7 0 |8 A |9 215934 |a BIBGIM |b BIBGIM |d 2019-11-15 |i 2845067 |o 001.422 INV 1983 |p 2845067 |r 2025-01-15 |w 2019-11-15 |y BK |k SSL | ||